| 000 | 00481nam a2200181Ia 4500 | ||
|---|---|---|---|
| 003 | 0100 | ||
| 008 | 130303s9999 xx 000 0 und d | ||
| 040 | _cARRUPELIB | ||
| 050 | _aHB885.B27F871992 | ||
| 100 | _aBarry, Brian (ed) | ||
| 245 | _aFree Movement | ||
| 245 | _bEthical Issues in the Transnational Migration of People and of Money | ||
| 260 | _aUniversity Park, Pennsylvania | ||
| 260 | _bThe Pennsylvania State UP | ||
| 260 | _C1992 | ||
| 300 | _a300p | ||
| 942 | 0 | 0 | _02 |
| 999 |
_c19519 _d19519 |
||